000 00432nam a2200181Ia 4500
001 13708
005 20260306164821.0
008 260306t1988||||xx |||||||||||||| ||spa||
041 _aESP
082 _a005.133
_bP84
100 _aPratt, Terrence W.
_eAUT
245 0 _aLenguajes de programación:
_bdiseño e implementación
260 _c1988
300 _a
_c
650 _aGEN
654 _aCCC
942 _cLIB
_dJUS
_fJUS
_2ddc
_n
999 _c13708
_d13708